Things that begin with K - Statistics

General Stats
  • This quiz has been taken 183 times
  • The average score is 10 of 15
Answer Stats
Hint Answer % Correct
One of Australia's national animals Kangaroo
95%
Strike with the foot Kick
88%
Ruler of a monarch King
86%
Similar to a canoe Kayak
84%
American white supremacist terrorist hate group Ku Klux Klan
82%
Something you call a New Zealander Kiwi
79%
Country that declared independence from Serbia in 2008 Kosovo
69%
A light frame covered with thin material flown in the wind Kite
68%
Restaurant that SpongeBob works at Krusty Krab
66%
Peninsula that has been split since the 1940s Korea
59%
Second tallest mountain K2
56%
Japanese city known for it's beef Kobe
52%
Largest city in Pakistan Karachi
42%
Supreme leader of North Korea Kim Jung Un
18%
Pol Pot ruled this communist country Khmer Rouge
10%
No matching quizzes found
Score Distribution
Percent of People with Each Score
Percentile by Number Answered
Your Score History
You have not taken this quiz